|
|
|
|
| LEADER |
00851nam a22002297a 4500 |
| 001 |
29638 |
| 003 |
BD-DhAAL |
| 005 |
20240911114118.0 |
| 008 |
150826s1990 bg ||||| |||| 00| 0 eng d |
| 040 |
|
|
|a BD-DhAAL
|c BD-DhAAL
|
| 082 |
|
|
|2 22
|a 307.1412095492
|
| 100 |
|
|
|a BRAC
|9 14169
|
| 245 |
|
|
|a Non Formal Primary Education (NFPE) for out of school children :
|b program proposal,
|f 1991-1995 /
|c BRAC
|
| 264 |
|
|
|a Dhaka :
|b BRAC,
|c 1990.
|
| 300 |
|
|
|a 74 pages :
|b illustrations ;
|c 29 cm.
|
| 541 |
|
|
|e 29638
|
| 610 |
|
|
|a BRAC
|9 14169
|
| 650 |
|
|
|a Rural Development
|z Bangladesh.
|9 14182
|
| 852 |
|
|
|a Ayesha Abed Library
|c BRAC Resource Section
|
| 942 |
|
|
|2 ddc
|c BK
|
| 999 |
|
|
|c 35355
|d 35355
|
| 952 |
|
|
|0 0
|1 0
|2 ddc
|4 0
|6 307_141209549200000_NON
|7 0
|9 55575
|a BRACUL
|b BRACUL
|c BRS
|d 2015-08-26
|e BRAC
|l 1
|o 307.1412095492 NON
|p 3010029638
|r 2025-12-30
|s 2025-03-24
|t 1
|w 2015-08-26
|y BK
|